| 000 | 01566cam a2200205 i 4500 | ||
|---|---|---|---|
| 005 | 20260420174856.0 | ||
| 008 | 141031s2015 njua b 001 0 eng | ||
| 020 | _a9780691220550 (pbk) | ||
| 082 | 0 | 0 | _a330.1 TSI |
| 100 | 1 | _aTsing, Anna Lowenhaupt | |
| 245 | 1 | 4 |
_aThe mushroom at the end of the world : _bon the possibility of life in capitalist ruins / _cAnna Lowenhaupt Tsing. |
| 264 | 1 |
_aPrinceton : _bPrinceton University Press, _c2015. |
|
| 300 |
_axii, 331 p. : _c21 cm |
||
| 365 | _bRs. 1481.00 | ||
| 505 | 0 | _aPrologue: autumn aroma -- What's left? -- Arts of noticing -- Contamination as collaboration -- Some problems with scale -- Interlude: smelling -- After progress : salvage accumulation -- Working the edge "freedom" -- Open ticket, Oregon -- War stories -- What happened to the state? : two kinds of Asian Americans in translation -- Between the dollar and the yen -- From gifts to commodities and back -- Salvage rhythms : business in disturbance -- Interlude: tracking -- Disturbed beginnings : unintentional design -- The life of the forest : coming up among pines -- History -- Resurgence -- Serendipity -- Ruin in gaps and patches -- In science as translation -- Flying spores -- Interlude: dancing -- In the middle of things -- Matsutake crusaders -- Ordinary assets -- Anti-ending : some people I met along the way -- Spore trail: the further adventures of a mushroom -- Notes -- Index. | |
| 650 | 0 | _aHuman ecology. | |
| 650 | 0 |
_aEconomic development _xEnvironmental aspects. |
|
| 650 | 0 | _aEnvironmental degradation. | |
| 942 |
_2ddc _cBK |
||
| 999 |
_c210543 _d210543 |
||